Top 150 Hardest Levels In Geometry Dash - Statistics

General Stats
  • This quiz has been taken 17 times
  • The average score is 43 of 150
Answer Stats
Hint Answer % Correct
1 Tidal wave
100%
2 Acheron
93%
8 Slaughterhouse
87%
4 Avernus
80%
106 Silent Club
80%
3 Silent clubstep
80%
6 Abyss of Darkness
73%
37 Tartarus
73%
7 Kyouki
67%
9 Sakupen Circles
67%
117 Bloodlust
60%
10 KOCMOC
60%
16 LIMBO
60%
34 Sonic Wave Infinity
60%
42 The Golden
60%
55 Zodiac
60%
32 arcturus
53%
12 Firework
53%
39 Oblivion
53%
17 poocubed
53%
5 Tunnel of Despair
53%
84 Cognition
47%
15 | 133 Deimos
47%
56 Hard Machine
47%
11 Menace
47%
18 Saul Goodman
47%
22 The Hallucination
47%
72 Thinking Space
47%
27 walter white
47%
137 ATOMIC CANNON
40%
21 Belladonna
40%
25 Codependence
40%
78 ConClusion
40%
120 Jesse Pinkman
40%
13 MINUSdry
40%
33 Sinister Silence
40%
20 Solar Flare
40%
95 ATOMIC CANNON Mk II
33%
44 ATOMIC CANNON Mk III
33%
81 Calculator Core
33%
67 Checked Steam
33%
75 Cold Sweat
33%
76 Crimson Planet
33%
57 Esfera
33%
146 Gustavo Fring
33%
58 Kenos
33%
41 Natural Disaster
33%
60 NEUTRA
33%
70 Promethean
33%
93 RUST
33%
89 SARY NEVER CLEAR
33%
96 Shardscapes
33%
138 Sigma
33%
50 Trueffet
33%
43 Verdant Landscape
33%
51 Aerial Gleam
27%
49 Climax
27%
23 COMBUSTION
27%
130 Congregation
27%
35 Damascus
27%
29 Deadlier Clubstep
27%
45 Delta
27%
24 Edge of Destiny
27%
19 Eyes in the Water
27%
63 Fragile
27%
65 Frost Spirit
27%
62 Keres
27%
26 Mayhem
27%
52 ORDINARY
27%
30 PSYCHOPATH
27%
77 Renevant
27%
31 SARYYX NEVER CLEAR
27%
82 shimmer
27%
47 Shukketsu
27%
48 Terminal Rampancy
27%
14 The Lightning Rod
27%
28 UNKNOWN
27%
40 Viprin UFO
27%
131 Aronia
20%
118 Asterios
20%
69 Axinie
20%
127 BarbarosFinaleFinale
20%
68 Crackhead Circles
20%
53 Critical Heat
20%
61 DISSONANCE
20%
66 Dry Out Copyable 2
20%
88 Guideless Goobering
20%
38 Jigsaw
20%
105 Launchpad Labyrinth
20%
71 Lotus Flower
20%
36 Midnight
20%
46 NETWORK
20%
116 no jokes
20%
73 qoUEO
20%
98 RUTHLESS
20%
79 Scream Machine
20%
121 Terminux
20%
54 The Paroxysm of Rage
20%
112 The Rupture
20%
87 Amalgam
13%
140 Atmos
13%
145 Cicatrize
13%
85 Cosmic Cyclone
13%
59 Destruction 19
13%
83 DIRECTIONS
13%
136 DsinK
13%
119 Excruciation Chamber
13%
148 Farthest Outpost
13%
125 Fog
13%
128 Gracefully
13%
90 Instinct
13%
142 IthacropoliX
13%
139 Knights of Thunder
13%
91 Lucid Nightmares
13%
104 me when machine gang
13%
143 Nhelv
13%
109 Omega Interface
13%
149 Ouroboros
13%
99 Sides Of My Mind
13%
80 Sky Shredder
13%
74 SUPERHATEMEWORLD
13%
115 The Art of the Blade
13%
103 TORN
13%
86 Trotil
13%
122 Twilight
13%
132 untitled unmastered
13%
64 Widestep
13%
97 Akashic Records
7%
129 Awedsy
7%
124 CITRA
7%
150 CONNECT
7%
110 Coral Cave
7%
94 CORRODERE
7%
107 Descent Into Exile
7%
102 Escape Room
7%
147 FRIDAY
7%
100 Horros
7%
113 Jupiter My Favourite
7%
114 Kappa
7%
135 Moving Forward
7%
123 Neon Skyline
7%
134 Pagoda
7%
111 Pandemonium
7%
141 Ploink
7%
144 Pootis Engage XTREME
7%
101 Ragnarok
7%
108 SAND SAILOR
7%
126 Sazerix
7%
92 Ykds1479ymdppr
7%
No matching quizzes found
Score Distribution
Percent of People with Each Score
Percentile by Number Answered
Your Score History
You have not taken this quiz